Calciatori famosi per ruolo #1 - Statistics

Statistiche generali
  • Questo quiz è stato fatto 197 volte
  • Il punteggio medio è 16 su 20
Statistiche sulle risposte
Hint Extra Hint Risposta % Corretto
Iker Casillas Spagna 1) Portiere
93%
Paolo Maldini Italia 2) Difensore
92%
Alessandro Del Piero Italia 4) Attaccante
91%
Lev Yashin Unione Sovietica 1) Portiere
90%
Thibault Curtois Belgio 1) Portiere
90%
Andrés Iniesta Spagna 3) Centrocampista
90%
Andrea Pirlo Italia 3) Centrocampista
90%
Luka Modrić Croazia 3) Centrocampista
90%
Pelé Brasile 4) Attaccante
89%
Cafu Brasile 2) Difensore
88%
Eusébio Portogallo 4) Attaccante
88%
Raphaël Varane Francia 2) Difensore
86%
Joško Gvardiol Croazia 2) Difensore
85%
Franz Beckenbauer Germania 2) Difensore
84%
Gerd Müller Germania 4) Attaccante
82%
Lothar Matthäus Germania 3) Centrocampista
71%
Diego Armando Maradona Argentina 4) Attaccante
71%
Cláudio Taffarel Brasile 1) Portiere
53%
Peter Shilton Inghilterra 1) Portiere
49%
Zbigniew Boniek Polonia 3) Centrocampista
46%
Nessun quiz corrispondente trovato
Distribuzione punteggi
Percentuale di utenti per punteggio
Percentile per numero di risposta
I tuoi punteggi nel tempo
Non hai fatto questo quiz